Normale Ansicht MARC-Ansicht ISBD

Von Briefmarken, Bänkelsängern und Kolporteuren. Zur mediengeschichtlichen Einordnung des Bilderbogens / (Titelsatznr. 373101)

[ MARC ]
MARC-Details
000 -Satzkennung
Kontrollfeld mit fester Länge 00746nam a2200193 4500
008 - Feld mit fester Länge zur physischen Beschreibung - Allgemeine Angaben
Kontrollfeld mit fester Länge 201207b ||||| |||| 00| 0 eng d
040 ## - Katalogisierungsquelle
Katalogisierungssprache ger
Übertragungsstelle DE-2950
Beschreibungsfestlegungen rda
Original-Katalogisierungsstelle DE-2950
041 ## - Sprachcode
Sprachcode des Textes/der Tonspur oder des separaten Titels ger
245 ## - Titel
Haupttitel Von Briefmarken, Bänkelsängern und Kolporteuren. Zur mediengeschichtlichen Einordnung des Bilderbogens /
Verantwortlichkeitsangabe Wilfried Kusterka
264 ## - Veröffentlichungsangabe, Vertriebsangabe, Herstellungsangabe
Erscheinungs-, Vertriebs-, Herstellungsdatum 2023
490 ## - Gesamttitelangabe
Haupttitel der Reihe/Unterreihe Die Mark Brandenburg
Zählung Sonderheft 2023: Bilderwelt Weltbilder - nicht nur in Brandenburg
653 ## - Lokales Schlagwort
Nicht-normierter Term Brandenburg <Land>
653 ## - Lokales Schlagwort
Nicht-normierter Term Bilderbogen
773 ## - Übergeordnete Einheit
Ort, Verlag und Erscheinungsjahr Berlin: Die Mark Brandenburg - Verlag für Regional- und Zeitgeschichte
Verknüpfungsangaben (2023) Sonderheft, S. 6-11: Abb.
Titel Die Mark Brandenburg
942 ## - Zusätzliche Felder (Koha)
Koha-Medientyp Aufsätze
Exemplare
Ausgeschieden Verloren Beschädigt Nicht entleihbar Permanenter Standort Aktueller Standort Aufstellungsort Eingabedatum Anzahl Ausleihen Signatur Letzte Aktivität Preis gültig von Medientyp
        Stadtarchiv Frankfurt (Oder) | Archivbibliothek Stadtarchiv Frankfurt (Oder) | Archivbibliothek Lesesaal 25/04/2024   Bb1 102 25/04/2024 25/04/2024 Aufsätze